000 00922nam a22002417a 4500
005 20090603115633.0
008 090603t xxu||||| |||| 00| 0 eng d
010 _aENG-93851
020 _a9788120337060
_c250.00
035 _aEN-77384
037 _bDBAD / PUB
040 _adpl
_bEnglish
082 _a620.00151
100 _aSastry, S.S.
245 _aEngineering mathematics:
_cby S.S. Sastry
_b[as per Biju Patnaik University of Technology (BPUT) syllabus] /
260 _aNew Delhi
_bPHI Learning
_c2009
270 _aM-97, Connaught Circus,
_bNew Delhi
_e110091
300 _ax, 469p.
_c25cm(pbk)
500 _aIncludes index
650 _aEngineering mathematics
942 _2ddc
_cEN
_mSAS
_h620.00151
999 _c27175
_d27175